Stati che confinano con il Laos - Statistics

Statistiche generali
  • Questo quiz è stato fatto 16 volte
  • Il punteggio medio è 5 su 5
Statistiche sulle risposte
Superficie (km²) Popolazione (ab.) Lunghezza confine (km) Stato % Corretto
9 596 000 1 443 615 491 423 Cina
100%
676 669 54 700 104 238 Birmania
92%
513 120 70 200 610 1 754 Thailandia
92%
331 689 98 013 529 2 161 Vietnam
92%
181 035 16 718 971 541 Cambogia
77%
Nessun quiz corrispondente trovato
Distribuzione punteggi
Percentuale di utenti per punteggio
Percentile per numero di risposta
I tuoi punteggi nel tempo
Non hai fatto questo quiz